00192nam a2200073Ia 4500082001500000245001900015100004300034008004100077 aT 920 WEBS 0aDavid Webster  a FREDERIKSE, Julie Cape Town, 1998 210816s9999 xx 000 0 und d